Tao đàn 1939: Sưu tập trọn bộ T.2
vv
Đã lưu trong:
| Tác giả chính: | |
|---|---|
| Định dạng: | Sách |
| Năm xuất bản: |
H.:
Văn học,
1998
|
| Chủ đề: | |
| Tags: |
Thêm thẻ
Không có thẻ, Hãy là người đầu tiên gắn thẻ bản ghi này!
|
| LEADER | 00530nam a2200145 4500 | ||
|---|---|---|---|
| 082 | |a 895.92208 |b T108đ | ||
| 100 | |a Nguyễn Ngọc Thiện | ||
| 245 | |a Tao đàn 1939: |c Nguyễn Ngọc Thiện |b Sưu tập trọn bộ |n T.2 | ||
| 260 | |a H.: |b Văn học, |c 1998 | ||
| 300 | |a 1470tr.; |c 21cm | ||
| 520 | |a vv | ||
| 653 | |a Văn học - Việt Nam | ||
| 942 | |2 ddc |c SH | ||
| 999 | |c 11785 |d 11785 | ||
| 952 | |0 0 |1 0 |2 ddc |4 0 |6 895_922080000000000_T108Đ |7 0 |8 800 |9 100360 |a qbu |b qbu |c D5 |d 2015-12-01 |g 70000 |o 895.92208 T108đ |p 11296.C1 |r 0000-00-00 |w 2015-12-01 |y SH | ||